Регионална библиотека "Любен Каравелов" - Русе

Раули Джеферсън (Запис номер 472605)

MARC детайли
000 -Лидер
Контролно поле с фиксирана дължина 01367nam a2200277 a 4500
003 - Код на организацията, давaща контролен номер
Контролно поле BLK
005 - Дата и час на последна редакция
Контролно поле 20250717125151.0
008 - Елементи от данни с фиксирана дължина
fixed length control field 180409b bul|||||r ||||||| ||bul||
020 ## - Международен стандартен номер на книга ISBN
Международен стандартен номер на книга ISBN 9786197560091
040 ## - Източник на каталожния запис
Идентификатор на билиотеката - собственик на записа BLK
041 ## - Код за език
Код за езика на текст/звукозапис или на отделно заглавие Български
Код за езика КДБФ Български
072 #7 - Код за тематичната категория
Код организация bullib
Код за тематична категория Н85
Текст Детска художествена литература Н
080 ## - УДК
Текстов определител УДК Американска литература (на САЩ)
УДК код - определител по УДК 821.111(73)
УДК определител -93-32
УДК - код + определител 821.111(73)-93-32
100 1# - Редна дума - Автор
Автор Кини, Джеф
Авторска отговорност първи автор
R(LIN) 309890
139 ## - Редно поле
Редна дума Кини, Джеф
Авторски знак Кин - К 54
245 10 - Сведения за заглавието
Заглавие Раули Джеферсън
Подзаглавни данни Невероятните приключения на един дърдорко
Редно поле (дума) Джеф Кини ; прев. Михаил Балабанов.
257 ## - Страна на издаване
Страна на създаване/издаване Съединени американски щати
260 ## - Област на издателските данни
Място на издаване, разпространение и проч. София
Име на издателя, разпространителя и проч. ДУО ДИЗАЙН
Година на издаване 2021
9 (RLIN) 210424
Печатница (София : Пулсио принт)
Издателство - префикс ISBN 978-954-8396- ; 954-90316-
300 ## - Физическа характеристика
Страници 218 с.
Илюстрации и др. с ил.
Размери/Мащаб 21 см
380 ## - Жанр
Жанр Детска худож. лит.
500 ## - Общи забележки
Забележка Ориг. загл.: Rowley Jefferson's awesome friendly adventure / Jeff Kinney. - Кн. от поредицата Хрониките на Раули Джеферсън.
700 ## - Други автори (авторска отговорност)
Лично име Балабанов, Михаил Петров
Автороска отговорност (Описва отношението между автора и произведението) прев. от англ.
9 (RLIN) 1021
852 ## - Местоположение
Форматна сигнатура Цб 313974
Фондова буква Хранилище
942 ## - АРТИКУЛИ
Вид на библиотечния материал Книги
Скрит в OPAC Не
Периодичен библиозапис Да
Koha issues (borrowed), all copies 42
944 ## - СЪЗДАВАНЕ И РЕДАКЦИЯ на ЗАПИСА
Създаване/Редакция Създаване
Дата на регистрацията/редакция 2022-09-07
Служител, извършил регистрацията/редакцията 30564
Статус, дата на статуса Анна Гръцманова
999 ## - СИСТЕМНИ КОНТРОЛНИ НОМЕРА
Koha biblionumber 472605
Koha biblioitemnumber 472605
Наличности
Код за отписване Код за изгубен артикул Източник на класификационната схема Код за повреда Коз за рестрикции Код за отдаване Артикулен № Име на библиотеката - собственик Име на библиотеката, в която се намира в момента Статус (Текущо местоположение) Дата на вписване в системата Местоположение - отдел Цена в лева Систематично азбучна сигнатура Баркод Цена в евро Служебен тип на артикула Инвентарен номер
  Не е изгубен Universal Decimal Classification Не е повреден само за читалня ползва се в читалня 903716 Регионална библиотека "Любен Каравелов" Русе Регионална библиотека "Любен Каравелов" Русе Хранилище 2022-09-09 Хранилище 18.90 Цб 313974 120000876161 9.66 Книги  
  Не е изгубен Universal Decimal Classification Не е повреден   заемане за дома 929050 Регионална библиотека "Любен Каравелов" Русе Регионална библиотека "Любен Каравелов" Русе Детски отдел 2023-06-07 Детски отдел 13.23 821-93/К 54 Д 120000888250 6.76 Книги 120000888250
  Не е изгубен Universal Decimal Classification Не е повреден   заемане за дома 929051 Регионална библиотека "Любен Каравелов" Русе Регионална библиотека "Любен Каравелов" Русе Детски отдел 2023-06-07 Детски отдел 13.23 821-93/К 54 Д 120000888249 6.76 Книги 120000888249
  Не е изгубен Universal Decimal Classification Не е повреден   заемане за дома 929052 Регионална библиотека "Любен Каравелов" Русе Регионална библиотека "Любен Каравелов" Русе Детски отдел 2023-06-07 Детски отдел 13.23 821-93/К 54 Д 120000888248 6.76 Книги 120000888248
Vip Innovations Ltd, Rousse, Bulgaria 2025